Singular Act (I & II) - Albums (Sabrina Carpenter) - Statistics

General Stats
  • This quiz has been taken 7 times
  • The average score is 15 of 17
Answer Stats
# Singular Act % Correct
8. Diamonds Are Forever
100%
3. (Saweetie) I Can't Stop Me
100%
1. In My Bed
100%
4. Sue Me
100%
6. Tell Em
100%
1. Almost Love
86%
6. Bad Time
86%
7. Exhale
86%
3. (UHMEER) Hold Tight
86%
9. Looking at Me
86%
7. Mona Lisa
86%
2. Paris
86%
5. prfct
86%
2. Pushing 20
86%
8. Take You Back
86%
5. Take Off All Your Cool
71%
4. I'm Fakin
57%
No matching quizzes found
Score Distribution
Percent of People with Each Score
Percentile by Number Answered
Your Score History
You have not taken this quiz